| 000 | 00555nam a22002051a 4500 | ||
|---|---|---|---|
| 001 | 762 | ||
| 003 | OSt | ||
| 005 | 20260204211708.0 | ||
| 008 | 040114s2002||||dr ||||||b||||||||||spa|| | ||
| 050 | _aRD 362.296 I8t | ||
| 082 | _aRD 362.296 I8t | ||
| 110 | _aInstituto del Tabaco de la República Dominicana. | ||
| 245 | _aCultivo del tabaco negro en la República Dominicano | ||
| 250 | _a3 | ||
| 264 | _aSanto Domingo : Taínas | ||
| 300 | _a141 p. | ||
| 500 | _aIncluye bibliografía. | ||
| 650 | _a1.Tabaco-República DominicanaÌ | ||
| 942 |
_2ddc _cBK |
||
| 999 |
_c762 _d762 |
||